000 00920cam a2200265 4500
001 ABS64280
008 010807n2001 000 0 eng u
035 _a(Sirsi) u113979
100 _aAlderson, F.
245 _aInsurance special
260 _c2001
490 _aBuilding
_v266(8193) 13 July 2001, 52-53(2)
520 _aThree short articles which, in the aftermath of the collapse of Independent Insurance, consider what to if your insurer goes bust; discusses some 'optional' forms of insurance, which are not usually covered by the standard forms and examines 'after-the-event insurance'.
590 _aABS
650 _aINSURANCE POLICIES
650 _aINDEPENDENT INSURANCE
650 _aINSURANCE OPTIONS
650 _aInsolvency
_96247
650 _aPOLICY PROTECTION BOARD
690 _aInsurance
_96249
700 _aWhite, N.
700 _aHarris, M.
700 _aDavis, G.
942 _n0
999 _c67929
_d67929